000 00650nam a2200229Ia 4500
001 9904
003 GE_BSU
008 181216s||||||||xx |||||||||||||| ||und||
040 _cGE_BSU
080 _a821.353.1–1
100 _aნიშნიანიძე,გიზო
245 _aკახეთი
245 _bლექსი
245 _cრედ. ხ.ჩხეიძე.სამხ.რედ.ა.ხოსროშვილი
260 _aთბილისი
260 _bსამშობლო
260 _c?
300 _a16გვ.16სმ.
653 _aკახეთი
653 _aლექსი
942 _cBK
999 _c43182
_d43182